|
|
|
|
| LEADER |
00000ckm a2200000 a 4500 |
| 001 |
vtls001203810 |
| 003 |
SK-MaSNL |
| 005 |
20260331202631.0 |
| 007 |
kf co |
| 008 |
230718s1989 xo g 0kuslo |
| 015 |
|
|
|a SNBG1989
|
| 035 |
|
|
|a SNK000146880
|
| 035 |
|
|
|a urn:nbn:sk:snk-km3lwag
|
| 035 |
|
|
|a AC879D70-9CEE-42CF-BB99-7BF29DEDE8BC
|
| 035 |
|
|
|a urn:nbn:sk:snk-km00dre9
|
| 040 |
|
|
|a SNK
|b slo
|c SNK
|e AACR2
|
| 041 |
0 |
|
|a slo
|
| 043 |
|
|
|a e-xo---
|
| 044 |
|
|
|a xo
|c SK
|
| 072 |
|
7 |
|a 908(437)
|x Vlastiveda Česka a Slovenska
|2 konspekt
|
| 080 |
|
|
|a 908(437.6)
|2 2011
|
| 080 |
|
|
|a (084.121)
|2 2011
|
| 080 |
|
|
|a 640.43
|2 2011
|
| 080 |
|
|
|a 551.435.4
|2 2011
|
| 100 |
1 |
|
|a Slivka, Dušan,
|d 1944-
|4 pht
|9 249825
|
| 245 |
1 |
0 |
|a Súľovské skaly
|h grafika
|c foto: D. Slivka, P. Paul ; výtvarný návrh: K. Izakovič
|
| 246 |
1 |
|
|i Názov na obrazovej časti:
|a Súľovské skaly
|
| 260 |
|
|
|a Bratislava
|b ČSTK-Pressfoto
|c 1989
|e Skalica
|f Grafobal
|
| 300 |
|
|
|a 1 pohľadnica (3 čiastkové pohľady)
|b farebná
|c 15 x 11 cm
|
| 520 |
8 |
|
|a Zobrazenie: Pohľady na rôznorodé skalné útvary a reštauráciu v Súľovskej kotline
|
| 650 |
0 |
7 |
|a skalné útvary
|2 SNKPH
|9 115197
|
| 650 |
0 |
7 |
|a reštaurácie
|2 SNKPH
|9 23080
|
| 651 |
|
7 |
|a Súľovské skaly (Súlovské vrchy, Slovensko)
|2 SNKPHgeo
|9 185959
|
| 655 |
|
7 |
|a geografické pohľadnice
|2 SNKPH
|9 70522
|
| 700 |
1 |
|
|a Paul, P.
|c (fotograf)
|4 pht
|9 60489
|
| 700 |
1 |
|
|a Izakovič, K.
|c (grafik)
|4 art
|9 179239
|
| 852 |
|
|
|a Slovenská národná knižnica
|
| 954 |
|
|
|a pohľadnice pôvodné (slovenské)
|2 lita
|
| 954 |
|
|
|a pohľadnice cudzojazyčné (svetové)
|2 lita
|
| 958 |
|
|
|a GBN
|
| 958 |
|
|
|a TL
|
| 958 |
|
|
|a GC
|
| 958 |
|
|
|a OND
|
| 958 |
|
|
|a EUIPO
|
| 999 |
|
|
|c 697516
|d 699446
|
| 952 |
|
|
|a SNK
|b SNK
|y PREZ
|7 0
|p 17A1296588
|o snkSP 141115 D1
|i snk1552/89
|0 0
|1 0
|4 0
|d 2019-04-04
|l 0
|r 2026-02-23 20:46:48
|w 2026-02-23
|
| 952 |
|
|
|a SNK
|b SNK
|y PREZ
|7 0
|p 17A1296595
|o snkSP 141115
|i snk1551/89
|0 0
|1 0
|4 0
|d 2019-04-04
|f 1
|l 0
|r 2026-02-23 20:46:48
|w 2026-02-23
|